All Musicians Who Have Asked Donald Trump to Stop Using Their Music - Statistics

General Stats
  • This quiz has been taken 51 times
  • The average score is 21 of 46
Answer Stats
Songs Played Nat. Answer % Correct
"Money, Money, Money," "The Winner Takes It All," and "Dancing Queen" ๐Ÿ‡ธ๐Ÿ‡ช ABBA
100%
"Here Comes the Sun" ๐Ÿ‡ฌ๐Ÿ‡ง The Beatles
88%
"Rolling in the Deep" and "Skyfall" ๐Ÿ‡ฌ๐Ÿ‡ง Adele
85%
"Purple Rain" ๐Ÿ‡บ๐Ÿ‡ฒ Prince
83%
"We Are the Champions" ๐Ÿ‡ฌ๐Ÿ‡ง Queen
83%
"Born in the U.S.A." ๐Ÿ‡บ๐Ÿ‡ฒ Bruce Springsteen
80%
"Rocket Man" and "Tiny Dancer" ๐Ÿ‡ฌ๐Ÿ‡ง Elton John
80%
"Take On Me" ๐Ÿ‡ณ๐Ÿ‡ด A-ha
76%
"My Heart Will Go On" ๐Ÿ‡จ๐Ÿ‡ฆ Celine Dion
76%
"Sweet Child O' Mine" and "Live and Let Die" ๐Ÿ‡บ๐Ÿ‡ฒ Guns'n'Roses
71%
"YMCA" and "Macho Man" ๐Ÿ‡บ๐Ÿ‡ฒ Village People
68%
"Dream On" and "Living on the Edge" ๐Ÿ‡บ๐Ÿ‡ฒ Aerosmith
66%
"Happy" ๐Ÿ‡บ๐Ÿ‡ฒ Pharrell Williams
63%
"It's The End Of The World As We Know It (And I Feel Fine)", "Everybody Hurts" and "Losing My Religion" ๐Ÿ‡บ๐Ÿ‡ฒ REM
63%
"In the Air Tonight" ๐Ÿ‡ฌ๐Ÿ‡ง Phil Collins
61%
"Don't Stop The Music" ๐Ÿ‡ง๐Ÿ‡ง Rihanna
56%
"House of the Rising Sun" ๐Ÿ‡ฌ๐Ÿ‡ง The Animals
56%
"Seven Nation Army" ๐Ÿ‡บ๐Ÿ‡ฒ The White Stripes
56%
"September" ๐Ÿ‡บ๐Ÿ‡ฒ Earth, Wind and Fire
54%
"Hallelujah" ๐Ÿ‡จ๐Ÿ‡ฆ๐Ÿ‡บ๐Ÿ‡ฒ Leonard Cohen
51%
"Crazy Train" ๐Ÿ‡ฌ๐Ÿ‡ง Ozzy Osbourne
51%
"Nothing Compares 2 U" ๐Ÿ‡ฎ๐Ÿ‡ช Sinรฉad O'Connor
51%
"Fortunate Son" ๐Ÿ‡บ๐Ÿ‡ฒ Creedence Clearwater Revival
49%
"In the End" ๐Ÿ‡บ๐Ÿ‡ฒ Linkin Park
44%
"Photograph" ๐Ÿ‡จ๐Ÿ‡ฆ Nickelback
41%
"You Can't Always Get What You Want" ๐Ÿ‡ฌ๐Ÿ‡ง The Rolling Stones
41%
"High Hopes" ๐Ÿ‡บ๐Ÿ‡ฒ Panic! at the Disco
39%
"My Hero" ๐Ÿ‡บ๐Ÿ‡ฒ Foo Fighters
37%
"We're Not Going To Take It" ๐Ÿ‡บ๐Ÿ‡ฒ Twisted Sister
37%
"Freedom" ๐Ÿ‡บ๐Ÿ‡ฒ Beyoncรฉ
32%
"I Won't Back Down" ๐Ÿ‡บ๐Ÿ‡ฒ Tom Petty
32%
"Rockin' in the Free World" ๐Ÿ‡จ๐Ÿ‡ฆ๐Ÿ‡บ๐Ÿ‡ฒ Neil Young
29%
"All Right Now" ๐Ÿ‡ฌ๐Ÿ‡ง Free
27%
"Deja Vu" ๐Ÿ‡บ๐Ÿ‡ฒ Olivia Rodrigo
27%
"Jump Around" ๐Ÿ‡บ๐Ÿ‡ฒ House of Pain
24%
"Electric Avenue" ๐Ÿ‡บ๐Ÿ‡ฒ Eddy Grant
20%
"Nessun Dorma" ๐Ÿ‡ฎ๐Ÿ‡น Luciano Pavarotti
20%
"Closing Time" ๐Ÿ‡บ๐Ÿ‡ฒ Semisonic
17%
"Love Train" ๐Ÿ‡บ๐Ÿ‡ฒ The O-Jays
15%
"Please Please Please Let Me Get What I Want." ๐Ÿ‡ฌ๐Ÿ‡ง The Smiths
12%
"Memory" ๐Ÿ‡ฌ๐Ÿ‡ง Andrew Lloyd Webber
7%
"Hallelujah" ๐Ÿ‡จ๐Ÿ‡ฆ๐Ÿ‡บ๐Ÿ‡ฒ Rufus Wainwright
7%
"Hold On, I'm Coming" ๐Ÿ‡บ๐Ÿ‡ฒ Isaac Hayes
2%
"The One and Only" ๐Ÿ‡ฌ๐Ÿ‡ง Nik Kershaw
2%
"Run Boy Run" ๐Ÿ‡ซ๐Ÿ‡ท Woodkid
2%
"Beast" ๐Ÿ‡บ๐Ÿ‡ฒ Nico Vega
0%
No matching quizzes found
Score Distribution
Percent of People with Each Score
Percentile by Number Answered
Your Score History
You have not taken this quiz